[Event "82nd Tata Steel Challengers 2020"]
[Site "Wijk aan Zee"]
[Date "2020.01.12"]
[Round "2.1"]
[White "Warmerdam, Max"]
[Black "L'Ami, Erwin"]
[Result "1/2-1/2"]
[WhiteElo "2498"]
[BlackElo "2606"]
[Annotator "TA"]
[PlyCount "132"]
[EventDate "2020.01.11"]
[EventType "tourn"]
[EventCountry "NED"]
[SourceTitle "playchess.com"]
[Source "ChessBase"]
[SourceQuality "1"]

{[%evp 22,131,14,16,19,25,25,16,20,15,16,12,28,23,29,0,16,13,35,37,36,28,27,32,31,19,22,22,18,23,19,19,18,13,19,0,0,0,0,0,0,-49,-50,-56,-42,-50,-41,-52,0,0,0,0,0,0,0,0,0,0,0,0,0,0,0,0,0,0,0,0,0,0,0,0,0,0,0,0,0,0,0,0,0,0,0,0,0,0,0,0,0,0,0,0,0,0,0,0,0,0,0,0,0,0,0,0,0,0,0,0,0,0,0,0]} 1. e4 e5 2. Nf3 Nc6 3. Bb5 a6 4. Ba4 Nf6 5. O-O Be7 6. Re1 b5 7. Bb3 O-O 8. a4 Bb7 9. d3 d6 10. Nc3 b4 11. Nd5 Nxd5 12. Bxd5 Rb8 {C88: Closed Ruy Lopez: Anti-Marshall Systems} 13. b3 (13. Bd2 Bf6 14. a5 Nd4 15. Bc4 c5 16. Nxd4 exd4 17. Qh5 Bc8 18. f4 Be6 19. Bxa6 Ra8 20. Bb7 Rxa5 {1-0 (30) Bosiocic,M (2613)-Saraci,N (2397) Prishtina 2019}) 13... Bf6 14. Bb2 Re8 15. Qd2 Qc8 $146 ({Predecessor:} 15... Qd7 16. Rad1 h6 17. h3 Bc8 18. d4 Na5 19. dxe5 dxe5 20. Qe3 {½-½ (45) Bezdan,T (2270)-Mathe,G (2400) Hungary 1994}) 16. Rad1 Ne7 {[%cal Bc6e7,Be7g6,Bg6f4][%mdl 32]} 17. Bxb7 Qxb7 18. d4 Ng6 19. dxe5 Bxe5 20. Nxe5 dxe5 21. Qd5 Qxd5 22. Rxd5 f6 23. Rc5 Nf4 24. Rc6 ({Much worse is} 24. Rxc7 Rec8 $15) 24... a5 25. Bc1 ({Reject} 25. Rxc7 Rec8 $17) 25... Ne6 26. Be3 Rbd8 27. Kf1 Kf7 28. c3 bxc3 29. Rc1 {[#]} Rd4 $1 {[%mdl 512]} 30. f3 (30. Bxd4 exd4) 30... Rb8 31. R6xc3 Rdb4 32. Bd2 {White wants to play Rxc7+.} Rxb3 33. Rxb3 Rxb3 34. Bxa5 $15 {[%mdl 4096] Endgame KRB-KRN} Ra3 (34... c5 $15) 35. Bxc7 $11 {The position is equal.} Rxa4 36. Bb6 Ra3 37. Rc2 g5 38. Kf2 h5 39. h3 g4 40. hxg4 hxg4 41. Bc5 Rb3 42. fxg4 Ng5 43. Rc4 Rb2+ 44. Kf1 Rb1+ 45. Kf2 Rb2+ 46. Kf1 Kg6 47. Be3 Ra2 48. Rb4 Rc2 49. Ra4 Nf7 50. g5 Nxg5 51. Bxg5 Kxg5 {KR-KR} 52. Ra3 Rc6 53. Rf3 Rc1+ 54. Kf2 Rc2+ 55. Kf1 Ra2 56. Rf5+ Kg6 {White must now prevent ...Ra4.} 57. g4 Ra4 {[#]} 58. g5 $1 {[%mdl 512]} Rxe4 (58... fxg5 59. Rxe5) 59. Rxf6+ Kxg5 60. Rf8 (60. Rf3 {with more complications.}) 60... Rf4+ 61. Rxf4 Kxf4 {KP-K} 62. Kf2 e4 (62... Ke4 $5 63. Ke2 $8 Kf5 $11) 63. Ke2 e3 64. Ke1 Kf3 (64... Ke4 $5) 65. Kf1 e2+ 66. Ke1 Ke3 {Accuracy: White = 86%, Black = 95%.} 1/2-1/2

[Event "82nd Tata Steel Challengers 2020"]
[Site "Wijk aan Zee"]
[Date "2020.01.12"]
[Round "2.2"]
[White "Smirnov, Anton"]
[Black "Keymer, Vincent"]
[Result "1/2-1/2"]
[WhiteElo "2604"]
[BlackElo "2527"]
[Annotator "ChessBase"]
[PlyCount "76"]
[EventDate "2020.01.11"]
[EventType "tourn"]
[EventCountry "NED"]
[SourceTitle "playchess.com"]
[Source "ChessBase"]
[SourceQuality "1"]
[TimeControl "40/6000+30:20/3000+30:900+30"]

1. e4 {[%emt 0:00:00]} c5 {[%emt 0:00:00]} 2. Nf3 {[%emt 0:00:00]} d6 {[%emt 0:00:00]} 3. d4 {[%emt 0:00:00]} cxd4 {[%emt 0:00:00]} 4. Nxd4 {[%emt 0:00:00]} Nf6 {[%emt 0:00:00]} 5. Nc3 {[%emt 0:00:01]} a6 {[%emt 0:00:00]} 6. Be3 {[%emt 0:00:07]} e5 {[%emt 0:00:00]} 7. Nf3 {[%emt 0:00:04]} Be7 {[%emt 0:00:20]} 8. Nd2 {[%emt 0:00:07]} b5 {[%emt 0:01:52]} 9. a4 {[%emt 0:00:07]} b4 {[%emt 0:00:03]} 10. Nd5 {[%emt 0:00:05]} Nxd5 {[%emt 0:00:05]} 11. exd5 {[%emt 0:00:06]} O-O {[%emt 0:05:26]} 12. Nc4 {[%emt 0:00:21]} Nd7 {[%emt 0:00:05]} 13. a5 {[%emt 0:00:05]} f5 {[%emt 0:00:05]} 14. f3 {[%emt 0:01:09]} Nf6 {[%emt 0:33:36]} 15. Be2 {[%emt 0:24:12]} Qe8 {[%emt 0:15:56]} 16. f4 {[%emt 0:06:36]} Bb7 {[%emt 0:16:46]} 17. Nb6 {[%emt 0:00:48]} Rd8 {[%emt 0:17:45]} 18. O-O {[%emt 0:03:05]} Ne4 {[%emt 0:00:54]} 19. Ra4 {[%emt 0:16:35]} exf4 {[%emt 0:03:29]} 20. Bxf4 {[%emt 0:00:37]} b3 {[%emt 0:01:59]} 21. cxb3 {[%emt 0:10:46]} Bf6 {[%emt 0:00:23]} 22. Bf3 {[%emt 0:05:38]} Nc5 {[%emt 0:01:55]} 23. Rc4 {[%emt 0:00:31]} Rf7 {[%emt 0:05:33]} 24. b4 {[%emt 0:03:29]} Nd7 {[%emt 0:00:04]} 25. Nxd7 {[%emt 0:03:41]} Rdxd7 {[%emt 0:00:55]} 26. Rc6 {[%emt 0:07:18]} g5 {[%emt 0:01:46]} 27. Bg3 {[%emt 0:03:59]} g4 {[%emt 0:00:55]} 28. Be2 {[%emt 0:00:02]} Be5 {[%emt 0:00:21]} 29. Bxe5 {[%emt 0:03:51]} Qxe5 {[%emt 0:01:27]} 30. Bxa6 {[%emt 0:00:52]} Bxa6 {[%emt 0:02:04]} 31. Rxa6 {[%emt 0:00:06]} Qxb2 {[%emt 0:00:36]} 32. Rxf5 {[%emt 0:08:17]} Rxf5 {[%emt 0:00:31]} 33. Qxg4+ {[%emt 0:00:02]} Rg7 {[%emt 0:00:07]} 34. Ra8+ {[%emt 0:00:53]} Rf8 {[%emt 0:00:04]} 35. Qe6+ {[%emt 0:03:07]} Rgf7 {[%emt 0:01:00]} 36. Rxf8+ {[%emt 0:00:07]} Kxf8 {[%emt 0:00:03]} 37. Qc8+ {[%emt 0:00:07]} Kg7 {[%emt 0:00:05]} 38. Qg4+ {[%emt 0:00:04]} Kf8 {[%emt 0:01:22]} 1/2-1/2

[Event "82nd Tata Steel Challengers 2020"]
[Site "Wijk aan Zee"]
[Date "2020.01.12"]
[Round "2.3"]
[White "Saduakassova, Dinara"]
[Black "Anton Guijarro, David"]
[Result "1/2-1/2"]
[WhiteElo "2519"]
[BlackElo "2694"]
[Annotator "TA"]
[PlyCount "55"]
[EventDate "2020.01.11"]
[EventType "tourn"]
[EventCountry "NED"]
[SourceTitle "playchess.com"]
[Source "ChessBase"]
[SourceQuality "1"]

{[%evp 13,55,36,25,31,41,27,56,57,63,55,58,58,61,50,75,70,63,18,21,20,36,19,27,31,29,0,21,10,46,15,24,0,10,0,0,0,11,0,23,0,12,0,7,0]} 1. d4 f5 2. c4 Nf6 3. Nc3 e6 4. Qc2 Bb4 5. e3 b6 6. Bd3 Bb7 7. f3 O-O 8. Nge2 {A85: Dutch Defence: 2 c4 Nf6 3 Nc3} Bd6 (8... Qe7 9. O-O Bxc3 10. Nxc3 d6 11. b3 c5 12. d5 exd5 13. cxd5 Na6 14. Qd2 Nd7 15. Bb2 Nc7 {1-0 (53) Illescas Cordoba,M (2609)-Neiksans,A (2502) Porto Carras 2011}) 9. Bd2 Na6 10. a3 {White is slightly better.} c5 11. O-O-O cxd4 $146 ({Predecessor:} 11... Qe7 12. Be1 Rac8 {0-1 (34) Bohnsack,R (2260)-Hochgraefe,M (2290) Germany 1998}) 12. exd4 Rc8 13. Kb1 Nc7 14. Rhe1 Kh8 15. Bf4 Bxf4 16. Nxf4 b5 17. cxb5 Ncd5 18. Nfxd5 Nxd5 19. Qb3 Qh4 20. Na4 Qxd4 21. Bxf5 (21. b6 $5 {[%cal Rd3a6]} Bc6 22. b7 Bxb7 23. Ba6 Qxd1+ 24. Rxd1 Bxa6 25. Rc1 $14) 21... Qf2 22. Be4 Qxg2 23. Ka1 Qf2 24. Rf1 Qe2 (24... Qxh2 $6 25. Rh1 $16) 25. Rfe1 Qf2 $1 ({Much worse is} 25... Qxh2 $6 26. Rh1 $16) 26. Rf1 Qe2 ({Reject} 26... Qxh2 $6 27. Rh1 $16) 27. Rfe1 Qf2 $1 ({Don't play} 27... Qxh2 $6 28. Rh1 $16) 28. Rf1 {Accuracy: White = 52%, Black = 66%.} 1/2-1/2

[Event "82nd Tata Steel Challengers 2020"]
[Site "Wijk aan Zee"]
[Date "2020.01.12"]
[Round "2.4"]
[White "Abdusattorov, Nodirbek"]
[Black "Smeets, Jan"]
[Result "0-1"]
[WhiteElo "2635"]
[BlackElo "2585"]
[Annotator "ChessBase"]
[PlyCount "82"]
[EventDate "2020.01.11"]
[EventType "tourn"]
[EventCountry "NED"]
[SourceTitle "playchess.com"]
[Source "ChessBase"]
[SourceQuality "1"]
[TimeControl "40/6000+30:20/3000+30:900+30"]

1. e4 {[%emt 0:00:00]} e5 {[%emt 0:00:00]} 2. Nf3 {[%emt 0:00:00]} Nf6 {[%emt 0:00:00]} 3. Nxe5 {[%emt 0:00:19]} d6 {[%emt 0:00:00]} 4. Nf3 {[%emt 0:00:10]} Nxe4 {[%emt 0:00:06]} 5. Nc3 {[%emt 0:00:17]} Nxc3 {[%emt 0:00:48]} 6. dxc3 {[%emt 0:00:08]} Be7 {[%emt 0:00:17]} 7. Be3 {[%emt 0:00:12]} O-O {[%emt 0:00:39]} 8. Qd2 {[%emt 0:00:18]} Nd7 {[%emt 0:00:39]} 9. O-O-O {[%emt 0:00:08]} c6 {[%emt 0:00:38]} 10. Kb1 {[%emt 0:08:16]} d5 {[%emt 0:01:17]} 11. h3 {[%emt 0:03:21]} Re8 {[%emt 0:05:30]} 12. c4 {[%emt 0:00:49]} Nb6 {[%emt 0:08:23]} 13. cxd5 {[%emt 0:29:40]} Nxd5 {[%emt 0:00:32]} 14. Bc4 {[%emt 0:01:33]} Be6 {[%emt 0:10:19]} 15. Bg5 {[%emt 0:17:51]} f6 {[%emt 0:26:01]} 16. Bh4 {[%emt 0:09:43]} Bf7 {[%emt 0:10:48]} 17. Rhe1 {[%emt 0:01:26]} b5 {[%emt 0:03:21]} 18. Bb3 {[%emt 0:02:21]} Qb6 {[%emt 0:10:34]} 19. Re2 {[%emt 0:04:17]} Red8 {[%emt 0:07:24]} 20. Qc1 {[%emt 0:04:27]} Bc5 {[%emt 0:02:21]} 21. Nd2 {[%emt 0:02:52]} a5 {[%emt 0:05:05]} 22. Ne4 {[%emt 0:00:27]} Bf8 {[%emt 0:04:39]} 23. c4 {[%emt 0:07:22]} a4 {[%emt 0:01:35]} 24. c5 {[%emt 0:00:28]} Qa7 {[%emt 0:00:24]} 25. Bxd5 {[%emt 0:02:10]} Bxd5 {[%emt 0:00:44]} 26. Nd6 {[%emt 0:00:59]} Bxd6 {[%emt 0:01:47]} 27. cxd6 {[%emt 0:00:02]} Rxd6 {[%emt 0:01:21]} 28. Bg3 {[%emt 0:00:42]} Rdd8 {[%emt 0:01:38]} 29. Rde1 {[%emt 0:01:39]} Qf7 {[%emt 0:04:26]} 30. a3 {[%emt 0:00:50]} Bxg2 {[%emt 0:00:26]} 31. Re7 {[%emt 0:00:38]} Qg6+ {[%emt 0:01:51]} 32. Ka1 {[%emt 0:00:06]} Re8 {[%emt 0:01:32]} 33. Qc5 {[%emt 0:02:47]} Bd5 {[%emt 0:00:32]} 34. h4 {[%emt 0:02:35]} h5 {[%emt 0:00:30]} 35. Bf4 {[%emt 0:00:20]} Rxe7 {[%emt 0:00:42]} 36. Qxe7 {[%emt 0:00:03]} Rf8 {[%emt 0:00:25]} 37. Bd2 {[%emt 0:02:25]} Rf7 {[%emt 0:00:34]} 38. Qe2 {[%emt 0:00:26]} Rd7 {[%emt 0:00:27]} 39. Bc3 {[%emt 0:00:28]} Kh7 {[%emt 0:00:31]} 40. f4 {[%emt 0:00:00]} Qf5 {[%emt 0:00:00]} 41. Bd4 {[%emt 0:02:04]} Bf7 {[%emt 0:02:45]} 0-1

[Event "82nd Tata Steel Challengers 2020"]
[Site "Wijk aan Zee"]
[Date "2020.01.12"]
[Round "2.5"]
[White "Eljanov, Pavel"]
[Black "Nihal Sarin"]
[Result "1/2-1/2"]
[WhiteElo "2650"]
[BlackElo "2618"]
[Annotator "TA"]
[PlyCount "107"]
[EventDate "2020.01.11"]
[EventType "tourn"]
[EventCountry "NED"]
[SourceTitle "playchess.com"]
[Source "ChessBase"]
[SourceQuality "1"]

{[%evp 19,107,31,28,29,53,61,48,51,64,67,56,37,62,25,15,0,71,63,69,45,41,44,36,20,19,18,16,19,29,6,15,0,59,11,16,12,68,62,62,71,103,103,150,93,140,0,0,-48,106,94,177,0,0,0,0,0,0,0,31,0,0,0,0,0,0,0,0,0,0,0,0,0,0,0,83,0,0,0,0,0,0,0,0,0,0,0,0,0,0,0]} 1. e4 c5 2. Nf3 e6 3. d4 cxd4 4. Nxd4 Nc6 5. Nc3 Qc7 6. f4 a6 7. Nxc6 Qxc6 8. Bd3 b5 9. Qe2 Bb7 10. Bd2 Be7 11. a3 {B47: Sicilian: Taimanov: 5 Nc3 Qc7 6 f4, 6 g3 and 6 Be2} Rc8 12. O-O-O Nf6 13. Rhe1 {White is slightly better.} b4 14. axb4 Bxb4 15. g4 d6 16. e5 dxe5 17. g5 {[#]} Bxc3 $146 (17... Nd7 $11) ({Predecessor:} 17... Nd7) 18. Bxc3 $16 Nd7 $1 19. Bxe5 (19. f5 {feels hotter.} O-O 20. Qh5 exf5 21. Bxf5 g6 22. Bxd7 gxh5 23. Bxc6 Bxc6 24. Rxe5 Rfe8 25. Rc5) 19... Nxe5 20. Qxe5 O-O 21. Qe4 Qxe4 22. Bxe4 Bxe4 23. Rxe4 $11 {[%mdl 4096] Endgame KRR-KRR} Rc6 24. c4 h6 25. gxh6 g6 (25... Rb8 $11) 26. Rd3 Kh7 27. Rh3 Rd8 (27... Rb8 $11) 28. b3 $1 $14 a5 29. Kb2 $1 Rd2+ 30. Ka3 $1 Rf2 {[#]} 31. Re5 (31. Rc3 $142 $1) 31... Ra6 32. Ka4 ({Better is} 32. Rc3 $16) 32... Ra8 $11 (32... Rxf4 33. Rxa5 Rb6 34. Ra7 $16) 33. Rc5 Rb8 $2 ({Of course not} 33... Rxf4 34. Rxa5 Re8 35. Re3 $11) (33... Ra2+ $1 $15 {keeps the upper hand.} 34. Kb5 a4) 34. Ka3 $16 Ra8 {[#]} (34... Rxf4 $16 {was necessary.} 35. Rxa5 Rf1) 35. Rh4 $2 (35. Rc7 $1 $18) 35... Ra7 $11 36. Rb5 Rf3 {...a4 is the strong threat.} 37. Ka4 Rf1 {[%cal Rf1a1]} 38. Rb6 Ra1+ $1 39. Kb5 a4 40. bxa4 $1 R1xa4 {[#] Threatens to win with ...R7a5+.} 41. Rb7 $1 {[%mdl 512] And now Rxf7+! would win.} R7a5+ ({Don't play} 41... Rxb7+ $6 42. Kxa4 Rc7 43. Kb4 $16) 42. Kb6 Rf5 43. Rc7 Rb4+ 44. Ka6 e5 45. fxe5 {Strongly threatening e6.} Rf1 {[%cal Rf1a1]} (45... Rf2 $5 46. Rc5 $8 Ra2+ 47. Ra5 Rc2 $11) 46. Rc5 $1 Ra1+ 47. Ra5 Rc1 {The position is equal.} 48. Rf4 Rcxc4 49. Rxf7+ Kxh6 50. Re7 Kg5 51. Ra2 Ra4+ 52. Rxa4 Rxa4+ 53. Kb5 Ra2 54. Kc5 {Accuracy: White = 64%, Black = 55%.} 1/2-1/2

[Event "82nd Tata Steel Challengers 2020"]
[Site "Wijk aan Zee"]
[Date "2020.01.12"]
[Round "2.6"]
[White "Mamedov, Rauf"]
[Black "Grandelius, Nils"]
[Result "1-0"]
[WhiteElo "2659"]
[BlackElo "2673"]
[Annotator "TA"]
[PlyCount "101"]
[EventDate "2020.01.11"]
[EventType "tourn"]
[EventCountry "NED"]
[SourceTitle "playchess.com"]
[Source "ChessBase"]
[SourceQuality "1"]

{[%evp 14,101,31,36,27,33,51,61,55,0,0,0,0,0,-34,-84,0,1,29,19,20,30,19,25,13,8,33,34,25,28,50,29,77,68,68,70,61,54,95,96,105,117,136,111,110,104,115,111,103,102,116,107,104,112,157,154,154,159,200,209,237,246,241,241,237,235,240,239,230,235,216,207,506,506,521,239,520,227,222,216,216,216,979,979,835,835,754,680,418,418]} 1. e4 e5 2. Nf3 Nc6 3. Bc4 Nf6 4. Ng5 d5 5. exd5 Na5 6. Bb5+ c6 7. dxc6 bxc6 8. Bd3 Nd5 {C58: Two Knights: 4 Ng5 d5 5 exd5 Na5 sidelines} 9. h4 (9. Nf3 Bd6 10. O-O O-O 11. Re1 Re8 12. Nc3 f5 13. Bf1 e4 14. Nd4 Bc5 15. Nb3 Nxb3 16. axb3 {1-0 (32) Aronian,L (2775)-Amin,B (2683) Moscow 2019}) 9... h6 10. Qh5 $1 {[%csl Gg5][%cal Rh5f7]} Qf6 $1 {And now ...Nf4 would win.White is slightly better.} 11. Ne4 ({White should try} 11. Nh7 $1 $14 Qf4 12. Nxf8) 11... Qe6 $11 12. b3 g6 13. Qe2 f5 {White must now prevent ...Nf4.} 14. Ng3 $146 ({Predecessor:} 14. Nec3 Bg7 15. Nxd5 Qxd5 16. f3 {1-0 (95) Poetsch,H (2481)-Eichler,C (2304) Schwarzach 2017}) 14... e4 (14... Bg7 $17 15. Bb2 Nf4) 15. Bb2 Nf4 16. Bc4 $1 {[%cal Rc4e6]} Nxc4 (16... Nxg2+ $2 17. Kf1 $18) 17. Qxc4 Qxc4 18. bxc4 Rg8 19. Be5 g5 20. hxg5 hxg5 21. Nh5 Nxh5 ({Of course not} 21... Nxg2+ $6 22. Kf1 $16) 22. Rxh5 Rg6 23. Nc3 Re6 24. Bd4 $36 {[%mdl 2048] White is pushing.} Ba6 25. g4 fxg4 26. Rxg5 O-O-O 27. Be3 ({Stronger than} 27. Bxa7 Bh6 $15) 27... Bb4 {...Bxc3 is the strong threat.} 28. Rxg4 Bxc3 29. dxc3 Bxc4 30. Bxa7 Rh6 {( -> ...Rh1+)} 31. Rg1 Rhd6 32. Bd4 Rd5 33. a4 R8d7 34. Rb1 Ra5 35. Rg6 c5 36. Be5 {[%csl Ge5][%cal Rb1b8]} Rb7 37. Rc6+ Kd7 38. Rd6+ ({But not} 38. Rxb7+ $6 Kxc6 39. Rc7+ Kd5 $16) 38... Kc8 39. Rbd1 {[%csl Gd1][%cal Rd6d8]} Rh7 40. Rd8+ Kb7 41. Rb1+ Ka6 42. Kd2 {aiming for Bb8.} Rxa4 $2 (42... Rb7 43. Ra1 Ka7) 43. Bd6 $18 Rb7 44. Ra8+ Ra7 45. Rc8 (45. Rab8 $142 Rd7 46. Ke3) 45... Rd7 {[#]} 46. Rc6+ $1 Ka7 47. Ke3 Rb7 $2 (47... Ba6 48. Bxc5+ Ka8) 48. Bxc5+ Kb8 49. Rxb7+ Kxb7 50. Rb6+ Kc7 {[#]} 51. Rb4 $1 {Accuracy: White = 85%, Black = 53%.} 1-0

[Event "82nd Tata Steel Challengers 2020"]
[Site "Wijk aan Zee"]
[Date "2020.01.12"]
[Round "2.7"]
[White "Van Foreest, Lucas"]
[Black "Ganguly, Surya Shekhar"]
[Result "1/2-1/2"]
[WhiteElo "2523"]
[BlackElo "2636"]
[Annotator "TA"]
[PlyCount "65"]
[EventDate "2020.01.11"]
[EventType "tourn"]
[EventCountry "NED"]
[SourceTitle "playchess.com"]
[Source "ChessBase"]
[SourceQuality "1"]

{[%evp 24,65,32,38,33,40,47,47,45,45,45,31,49,5,23,11,36,5,100,5,16,17,0,0,74,71,89,86,81,77,67,0,0,0,0,0,0,0,0,0,0,0,0,0]} 1. e4 c5 2. Nf3 e6 3. d4 cxd4 4. Nxd4 Nc6 5. Nc3 Qc7 6. g3 a6 7. Bg2 Nf6 8. O-O Nxd4 9. Qxd4 Bc5 10. Bf4 d6 11. Qd2 h6 12. Rad1 e5 13. Be3 Bb4 {B47: Sicilian: Taimanov: 5 Nc3 Qc7 6 f4, 6 g3 and 6 Be2.} 14. Nb5 axb5 15. Qxb4 Rxa2 {White is slightly better.} 16. Rxd6 {[#] Black must now prevent Bb6.} O-O 17. Rd2 Be6 18. Rfd1 Ng4 19. Bc5 Rc8 20. Be7 {And now h3 would win.} (20. Bd6 $5 {[%cal Rd6c7]} Qb6 21. Bf1 $11) 20... Qb6 {[#]} (20... Ra4 $1 $11 21. Qd6 (21. Qxb5 Rd4 $11) 21... Rd4 22. Rxd4 exd4) 21. c3 {[#]} (21. Bf1 $1 $16) 21... Ra4 $146 ({Predecessor:} 21... Rc4 22. Qd6 Qa7 23. Bf1 Ra1 24. Rxa1 Qxa1 25. Qd3 Rc7 26. Qd8+ Kh7 27. Ba3 Rc8 {½-½ (55) Adams,M (2692)-Skytte,R (2373) Budva 2019}) 22. Qd6 Qxd6 23. Rxd6 Ra2 (23... b4 $1 $11) 24. R6d2 $16 Bb3 25. Re1 Rca8 26. Bh3 Ra1 27. Rxa1 (27. Rf1 $14 Bc4 28. Rd8+ Rxd8 29. Rxa1) 27... Rxa1+ $11 {The position is equal.} 28. Kg2 h5 29. Bxg4 hxg4 30. h3 Rd1 31. Rxd1 gxh3+ 32. Kxh3 Bxd1 33. Kg2 {Accuracy: White = 70%, Black = 81%.} 1/2-1/2

[Event "82nd Tata Steel Challengers 2020"]
[Site "Wijk aan Zee"]
[Date "2020.01.13"]
[Round "3.1"]
[White "Ganguly, Surya Shekhar"]
[Black "Abdusattorov, Nodirbek"]
[Result "1/2-1/2"]
[WhiteElo "2636"]
[BlackElo "2635"]
[Annotator "TA"]
[PlyCount "121"]
[EventDate "2020.01.11"]
[EventType "tourn"]
[EventCountry "NED"]
[SourceTitle "playchess.com"]
[Source "ChessBase"]
[SourceQuality "1"]

{[%evp 19,121,26,23,27,13,0,7,0,0,0,0,27,32,1,90,87,91,80,92,90,87,91,80,87,89,97,81,82,82,26,22,18,22,18,15,14,31,21,24,29,44,0,15,20,21,15,16,15,36,27,23,25,72,60,73,87,64,48,89,87,93,94,91,87,124,131,117,98,100,0,118,0,104,91,144,106,146,134,142,38,72,38,28,32,44,16,16,16,16,20,52,0,0,0,0,0,0,0,0,0,0,0,0,0]} 1. d4 Nf6 2. c4 e6 3. Nc3 Bb4 4. e3 O-O 5. Bd2 d5 6. Nf3 b6 7. cxd5 exd5 8. Rc1 Bb7 9. Bd3 a6 10. O-O Bd6 11. Ne5 {E52: Nimzo-Indian: Rubinstein: 4...0-0 5 Nf3 d5 6 Bd3 b6} c5 12. Bb1 $146 (12. Be1 Nc6 13. f4 cxd4 14. Nxc6 Bxc6 15. Ne2 Bd7 16. Nxd4 Re8 17. Qb3 Qe7 18. Rf3 Bg4 {½-½ (27) Aleksandrov,A (2574)-Bosiocic,M (2614) Skopje 2019}) 12... Nbd7 13. f4 b5 14. Be1 cxd4 15. exd4 Be7 16. Qf3 Nxe5 (16... Nb6 $11 {remains equal.}) 17. dxe5 $16 Ne4 18. Rd1 g6 {[#]} 19. Nxd5 $1 {[%mdl 576] Remove Defender} Bxd5 20. Rxd5 {[%mdl 64] Remove Defender} Qxd5 21. Bxe4 Qd8 22. Bxa8 Qxa8 23. Qxa8 Rxa8 {[%mdl 4096] Endgame KRB-KRB} 24. Bf2 ({Better is} 24. Rf3 $16) 24... Rc8 $11 25. Be3 f6 $1 26. b3 fxe5 27. fxe5 Rc2 28. Rf2 Rc3 29. Rf3 Rc2 30. Rf2 Rc3 $1 {[%cal Rc3e3]} 31. Re2 Kf7 32. e6+ Ke8 33. Kf2 Bf6 34. g4 Rc6 35. Bd2 Be7 36. Kf3 Bf6 37. Bb4 Be7 38. Be1 Bf6 39. Kf4 h6 40. Kf3 Bg5 41. Bb4 Kd8 {[#]} 42. e7+ $1 Ke8 43. Re4 Bf6 44. Re2 Bg5 $1 45. Re4 Bf6 $1 46. Re3 Bd4 ({Black should try} 46... Bg5 47. Re4) 47. Re2 Bc5 {[#]} 48. Bxc5 $1 Rxc5 $16 {KR-KR} 49. Ke4 (49. Re6 $16) 49... h5 $1 $14 50. Kd4 Rg5 51. gxh5 Rxh5 52. Rg2 Kxe7 53. Rxg6 a5 54. Rg2 a4 55. Rd2 ({White should play} 55. h4 $14) 55... axb3 $11 {The position is equal.} 56. axb3 Kd6 57. Rg2 Rh4+ 58. Kc3 Kc5 59. b4+ Kd5 60. Rg5+ Kc6 61. Rg2 {Accuracy: White = 73%, Black = 65%.} 1/2-1/2

[Event "82nd Tata Steel Challengers 2020"]
[Site "Wijk aan Zee"]
[Date "2020.01.13"]
[Round "3.2"]
[White "Smeets, Jan"]
[Black "Saduakassova, Dinara"]
[Result "1/2-1/2"]
[WhiteElo "2585"]
[BlackElo "2519"]
[Annotator "TA"]
[PlyCount "89"]
[EventDate "2020.01.11"]
[EventType "tourn"]
[EventCountry "NED"]
[SourceTitle "playchess.com"]
[Source "ChessBase"]
[SourceQuality "1"]

{[%evp 21,89,23,23,34,31,54,49,45,66,33,30,21,32,17,29,0,8,0,0,0,0,0,0,0,12,13,22,0,19,16,12,10,24,22,23,-8,-7,-7,-6,-36,0,0,0,0,0,0,0,-10,-18,-22,0,-18,0,-11,0,0,0,0,0,0,0,0,0,0,0,0,0,0,0,0]} 1. e4 e5 2. Nf3 Nc6 3. Bb5 a6 4. Ba4 Nf6 5. O-O Nxe4 6. d4 b5 7. Bb3 d5 8. dxe5 Be6 9. Nbd2 Nc5 10. c3 Be7 11. Bc2 d4 12. Nb3 {[%cal Rb3d4] C83: Open Ruy Lopez: 9 c3 Be7} d3 13. Bb1 Nxb3 14. axb3 {White is slightly better.} Bf5 15. Be3 O-O 16. Re1 Qd5 17. Bd4 Rfd8 18. Re3 Nxd4 19. cxd4 c5 20. Bxd3 cxd4 {[#]} 21. Re2 $146 Qe6 22. h3 Bg6 23. Ne1 a5 {[%cal Ba6a5,Ba5a4,Ba4b3][%mdl 32]} 24. Kh2 h6 25. Bxg6 Qxg6 26. Qd3 Qxd3 27. Nxd3 a4 28. Rc2 axb3 29. Rcc1 Ra4 30. Kg3 f6 31. exf6 {The position is equal.} Bxf6 32. Re1 Rc8 33. Rad1 Kf7 34. Kf4 Rc2 35. Kf3 Ra7 36. Re4 Rac7 37. g3 R7c6 38. h4 Re6 (38... Rc8 {is more complex.} 39. h5 Rd8 40. g4 Kg8 41. Kg3 Kh7) 39. Ra1 Rxe4 40. Kxe4 $11 {KRB-KRN} Re2+ 41. Kd5 Rd2 $1 {[%cal Rd2d3]} 42. Ra7+ Ke8 43. Ke4 Re2+ 44. Kd5 Rd2 45. Ke4 {Accuracy: White = 58%, Black = 66%.} 1/2-1/2

[Event "82nd Tata Steel Challengers 2020"]
[Site "Wijk aan Zee"]
[Date "2020.01.13"]
[Round "3.3"]
[White "Grandelius, Nils"]
[Black "Eljanov, Pavel"]
[Result "1/2-1/2"]
[WhiteElo "2673"]
[BlackElo "2650"]
[Annotator "TA"]
[PlyCount "89"]
[EventDate "2020.01.11"]
[EventType "tourn"]
[EventCountry "NED"]
[SourceTitle "playchess.com"]
[Source "ChessBase"]
[SourceQuality "1"]

{[%evp 9,89,6,20,12,13,22,25,0,20,8,14,4,5,14,14,14,18,20,20,18,21,20,23,23,10,23,23,20,24,25,25,20,30,11,13,15,24,18,14,16,16,0,0,0,0,0,0,0,0,0,0,0,17,15,5,10,22,31,26,27,31,20,27,27,36,8,10,14,13,8,3,0,0,0,0,0,0,0,0,0,0,0]} 1. e4 e5 2. Nf3 Nc6 3. Bb5 Nf6 4. d3 Bc5 5. c3 d5 $146 (5... O-O 6. O-O d6 7. h3 a6 8. Ba4 b5 9. Bc2 h6 10. Re1 Re8 11. b4 Bb6 12. a4 Bd7 13. Nbd2 Ne7 14. Nf1 a5 15. bxa5 Rxa5 {½-½ (62) Nakamura,H (2736)-Carlsen,M (2872) Moscow 2019}) ({Predecessor:} 5... O-O 6. O-O d5 7. exd5 Qxd5 8. Bc4 Qd6 9. b4 Bb6 {½-½ (31) Salem,A (2660)-Nakamura,H (2746) St Petersburg 2018}) 6. exd5 {C65: Ruy Lopez: Berlin Defence (3...Nf6), unusual lines and 4 0-0 Bc5} Qxd5 {[#] Threatens to win with ...Bxf2+!} 7. Bc4 Qd6 8. Nbd2 {White has an edge.} O-O 9. b4 Bb6 10. O-O Bf5 11. Qc2 $1 Rad8 {[%cal Rf5d3]} 12. a4 {Black should prevent a5.} a5 13. b5 Ne7 {[%cal Rf5d3,Bc6e7,Be7g6,Bg6f4][%mdl 32]} 14. Qb3 Ng6 15. Ba3 Bc5 16. Bxc5 Qxc5 17. d4 $1 {[%cal Rd4c5]} exd4 18. cxd4 Qd6 19. Rfe1 Nf4 20. Ne5 {[%cal Re5f7]} N4d5 21. Ndf3 h6 22. Rac1 Rfe8 23. h3 Be6 24. Nd3 Nd7 25. Qd1 N7b6 26. Bb3 Nf4 27. Nxf4 Bxb3 28. Qxb3 Qxf4 29. Qc3 Rxe1+ 30. Rxe1 Qd6 31. Qxa5 Ra8 32. Qd2 Nxa4 33. Ra1 Qd8 34. Qc2 Nb6 35. Rxa8 Nxa8 36. Qe4 Qc8 37. Qe7 f6 $1 {The position is equal.} 38. Nh4 Nb6 39. Ng6 Qd7 40. Qf8+ Kh7 41. Ne7 {[%csl Ge7][%cal Rf8g8] [#]} Qe6 42. Qd8 {Hoping for d5.} c6 $1 43. bxc6 bxc6 44. Qe8 f5 {aiming for ...Nd5.} (44... Nd5 $5 45. Qg6+ $8 Kh8 $11) 45. Qxc6 {Accuracy: White = 59%, Black = 87%.} 1/2-1/2